000 00585nam a2200217Ia 4500
003 OSt
005 20220928132749.0
006 a|||||r|||| 00| 0
007 ta
008 220927b |||||||| |||| 00| 0 eng d
024 _a42430
037 _cTextual
040 _aSDCL
_cSDCL
_beng
041 _2eng
_aeng
082 _aS8y7, L2
100 _aDubey S N Ed.
_9482888
245 0 _aTISS
_b Case records.
260 _aBombay
_bDepartment of Medical and Psychiatric Social Work
_c1972
942 _hS8y7, L2
_cTEXL
_2CC
999 _c795688
_d795688